000
00259nam a22001217a 4500
999
_c
11994
_d
11994
082
_a
332.45
100
_a
Riehl, Heinz
245
_a
Foreign Exchange and Money Markets
260
_a
USA
_b
Pearson
_c
1983
300
_a
352
650
_a
Finance
942
_c
BK